Kända runristningar - Statistics

General Stats
  • This quiz has been taken 6 times
  • The average score is 3 of 12
Answer Stats
Picture Answer % Correct
Rökstenen
83%
Ramsundsristningen
50%
Frösöstenen
17%
Glavendrupstenen
17%
Gökstenen
17%
Gripsholmsstenen
17%
Karlevistenen
17%
Ledbergsstenen
17%
Möjbrostenen
17%
Sparlösastenen
17%
Stora Jellingestenen
17%
Vangstenen
17%
No matching quizzes found
Score Distribution
Percent of People with Each Score
Percentile by Number Answered
Your Score History
You have not taken this quiz